00405nam a2200157Ia 45000010006000000050017000060080041000230410008000640820018000721000026000902450073001162600009001893000033001986500008002316540008002391378620260306164826.0260306t2017||||xx |||||||||||||| ||spa|| aESP a005.133PbV28 aVanderplas, JakeeAUT 0aPython data science handbook:bessential tools for working with data c2017 axvi, 529 páginas :c24 cm. aGEN aCCC